000 00572nam a2200205 a 4500
005 20210223124627.0
008 020604s1995 mx r 000 0 spa d
020 _a1856283737
035 _aUPN01000117659
049 _aI
050 4 _aTT870
_bT4.3
100 1 _aTemko, Florence
245 1 0 _aGifts, jewellery and other ideas /
_cFlorence Temko.
260 _aGreat Britain :
_bDragon“s World Children,
_c1995.
300 _a45 p. :
_bil., col.
440 0 _aPaper magic
650 4 _aTRABAJOS EN PAPEL
_99086
650 4 _aJOYAS -
_xFABRICACION
905 _aInfantil
999 _c90124
_d90124